[Event "CZE-chT2E 1920"]
[Site "Czech Republic"]
[Date "2020.02.23"]
[Round "9.1"]
[White "Skliba, Martin"]
[Black "Mikes, Jan"]
[Result "1/2-1/2"]
[WhiteElo "2298"]
[BlackElo "2355"]
[PlyCount "58"]
[EventDate "2019.10.13"]
[EventType "team-tourn"]
[EventRounds "11"]
[EventCountry "CZE"]
[SourceTitle "EXT 2024"]
[Source "ChessBase"]
[SourceDate "2023.10.10"]
[SourceVersion "1"]
[SourceVersionDate "2023.10.10"]
[SourceQuality "1"]
[WhiteTeam "Brno Lokomotiva"]
[BlackTeam "Prusanky Podluzan"]
[WhiteTeamCountry "CZE"]
[BlackTeamCountry "CZE"]

1. d4 Nf6 2. c4 e6 3. Nc3 Bb4 4. e3 b6 5. Nge2 Bb7 6. a3 Bd6 7. Qc2 a5 8. e4 e5 9. d5 Na6 10. Ng3 g6 11. Be2 h5 12. Bg5 h4 13. Nf1 Be7 14. Be3 Nh5 15. 0-0-0 Nc5 16. Kb1 d6 17. g3 Bc8 18. f4 Nf6 19. Bxc5 bxc5 20. fxe5 Ng4 21. exd6 Bxd6 22. Bxg4 Bxg4 23. Re1 Bf3 24. Rg1 Be5 25. Nd2 Bg4 26. h3 Bxh3 27. gxh4 Bd4 28. Rh1 Bg4 29. Nb5 Bf2 1/2-1/2

[Event "CZE-chT2E 1920"]
[Site "Czech Republic"]
[Date "2020.01.12"]
[Round "6.1"]
[White "Husek, Martin"]
[Black "Skliba, Martin"]
[Result "0-1"]
[WhiteElo "2192"]
[BlackElo "2298"]
[PlyCount "116"]
[EventDate "2019.10.13"]
[EventType "team-tourn"]
[EventRounds "11"]
[EventCountry "CZE"]
[SourceTitle "EXT 2024"]
[Source "ChessBase"]
[SourceDate "2023.10.10"]
[SourceVersion "1"]
[SourceVersionDate "2023.10.10"]
[SourceQuality "1"]
[WhiteTeam "Stare Mesto II"]
[BlackTeam "Brno Lokomotiva"]
[WhiteTeamCountry "CZE"]
[BlackTeamCountry "CZE"]

1. e4 c5 2. Nf3 e6 3. d4 cxd4 4. Nxd4 a6 5. Bd3 Bc5 6. Nb3 Be7 7. Qg4 g6 8. Qe2 d6 9. 0-0 Nd7 10. a4 b6 11. Na3 Qc7 12. Nc4 Bb7 13. a5 b5 14. Nb6 Rb8 15. c4 bxc4 16. Bxc4 Ngf6 17. Nxd7 Qxd7 18. Bh6 Nxe4 19. Bxa6 Bxa6 20. Qxa6 d5 21. Nd4 Nc5 22. Qe2 Bf6 23. Rfd1 Ke7 24. Be3 Rhc8 25. a6 Kf8 26. a7 Ra8 27. Nb5 Kg7 28. Ra3 e5 29. b4 Ne6 30. Rc1 d4 31. Rxc8 Qxc8 32. Bd2 Qc6 33. f3 Nc7 34. Nxc7 Qxc7 35. Qa6 Qc2 36. Ra2 Qb1+ 37. Kf2 e4 38. fxe4 Qxe4 39. Qe2 Qd5 40. Ra5 Qd7 41. Qa6 d3 42. Kf1 h5 43. Qc4 Rxa7 44. Rxa7 Qxa7 45. Qxd3 Qa1+ 46. Kf2 Bd4+ 47. Kf3 f5 48. Qc4 Qd1+ 49. Qe2 Qb3+ 50. Kf4 Kf6 51. Qa6+ Kg7 52. Qb7+ Kh6 53. Qf3 Qc2 54. Qe2 g5+ 55. Kg3 f4+ 56. Kf3 Qb3+ 57. Ke4 Qe6+ 58. Kd3 Qa6+ 0-1

[Event "CZE-chT2E 1920"]
[Site "Czech Republic"]
[Date "2019.11.03"]
[Round "2.1"]
[White "Majer, Jiri"]
[Black "Skliba, Martin"]
[Result "1-0"]
[WhiteElo "2212"]
[BlackElo "2298"]
[PlyCount "65"]
[EventDate "2019.10.13"]
[EventType "team-tourn"]
[EventRounds "11"]
[EventCountry "CZE"]
[SourceTitle "EXT 2024"]
[Source "ChessBase"]
[SourceDate "2023.10.10"]
[SourceVersion "1"]
[SourceVersionDate "2023.10.10"]
[SourceQuality "1"]
[WhiteTeam "Kurim"]
[BlackTeam "Brno Lokomotiva"]
[WhiteTeamCountry "CZE"]
[BlackTeamCountry "CZE"]

1. e4 c5 2. c3 Nf6 3. e5 Nd5 4. d4 cxd4 5. Nf3 Nc6 6. Bc4 Nb6 7. Bb3 d5 8. exd6 Qxd6 9. 0-0 Be6 10. Na3 dxc3 11. Nb5 Qxd1 12. Rxd1 Rc8 13. Bxe6 fxe6 14. Nxc3 h6 15. Ne4 g5 16. h4 g4 17. Nh2 Rg8 18. Be3 Nc4 19. Rac1 Nxb2 20. Rd2 Na4 21. Rb1 Rb8 22. Rc2 Nb6 23. Bxb6 axb6 24. Rxb6 Nd4 25. Rc7 Rd8 26. Rcxb7 Ne2+ 27. Kf1 g3 28. Nf3 Nf4 29. fxg3 Nd5 30. Rxe6 Kf7 31. Rc6 Ne3+ 32. Ke2 Nf5 33. Rf6+ 1-0

[Event "Pardubice op rapid 30th"]
[Site "Pardubice"]
[Date "2019.07.19"]
[Round "7"]
[White "Zpevakova, Jana"]
[Black "Skliba, Martin"]
[Result "0-1"]
[WhiteElo "2109"]
[BlackElo "2306"]
[PlyCount "70"]
[EventDate "2019.07.17"]
[EventType "swiss (rapid)"]
[EventRounds "9"]
[EventCountry "CZE"]
[SourceTitle "CBM 191 Extra"]
[Source "ChessBase"]
[SourceDate "2019.09.30"]
[SourceVersion "1"]
[SourceVersionDate "2019.09.30"]
[SourceQuality "1"]

1. d4 Nf6 2. c4 g6 3. Nc3 d5 4. cxd5 Nxd5 5. Bd2 Bg7 6. Nf3 0-0 7. Rc1 Nc6 8. e4 Nxc3 9. Bxc3 Bg4 10. d5 Bxc3+ 11. Rxc3 Ne5 12. Qc1 Bxf3 13. gxf3 e6 14. f4 Ng4 15. dxe6 Qd4 16. Qc2 Nxf2 17. Rg1 Nxe4 18. Rxc7 fxe6 19. Rc4 Qxg1 20. Qxe4 Qb6 21. Rb4 Qc6 22. Qe3 Rac8 23. Rc4 Qd5 24. Rd4 Qxa2 25. Bc4 Qa1+ 26. Kf2 Qxb2+ 27. Kg3 Rxc4 28. Qxe6+ Rf7 29. Qxc4 Kg7 30. Qd5 Qc3+ 31. Kf2 Re7 32. Rd2 Qe3+ 33. Kf1 Qxf4+ 34. Rf2 Qc1+ 35. Kg2 Qc6 0-1

[Event "CZE-chT2D 1819"]
[Site "Czech Republic"]
[Date "2019.01.27"]
[Round "7.1"]
[White "Skliba, Martin"]
[Black "Polak, Tomas"]
[Result "0-1"]
[WhiteElo "2309"]
[BlackElo "2503"]
[PlyCount "60"]
[EventDate "2018.10.14"]
[EventType "team-tourn"]
[EventRounds "11"]
[EventCountry "CZE"]
[SourceTitle "EXT 2022"]
[Source "ChessBase"]
[SourceDate "2021.10.06"]
[SourceVersion "1"]
[SourceVersionDate "2021.10.06"]
[SourceQuality "1"]
[WhiteTeam "Brno Lokomotiva"]
[BlackTeam "Brno Moravska Slavia II"]
[WhiteTeamCountry "CZE"]
[BlackTeamCountry "CZE"]

1. d4 Nf6 2. c4 e6 3. Nc3 Bb4 4. e3 b6 5. Nge2 Bb7 6. a3 Bd6 7. d5 a5 8. g3 Na6 9. Bg2 Nc5 10. 0-0 exd5 11. cxd5 Ba6 12. f4 Qe7 13. Rf3 Nfe4 14. Nxe4 Nxe4 15. Nd4 0-0 16. g4 g6 17. Rh3 Rae8 18. b3 f6 19. Bb2 Qf7 20. Qc2 Qxd5 21. Rd1 Qa8 22. b4 Rf7 23. Nb3 axb4 24. axb4 Bb7 25. g5 Bf8 26. Qxc7 Rc8 27. Qxb6 Rc2 28. Ra1 Qc8 29. Rc1 d6 30. Qd4 Rxg2+ 0-1

[Event "CZE-chT2D 1819"]
[Site "Czech Republic"]
[Date "2019.01.13"]
[Round "6.1"]
[White "Sabol, Marian"]
[Black "Skliba, Martin"]
[Result "0-1"]
[WhiteElo "2295"]
[BlackElo "2309"]
[PlyCount "84"]
[EventDate "2018.10.14"]
[EventType "team-tourn"]
[EventRounds "11"]
[EventCountry "CZE"]
[SourceTitle "EXT 2022"]
[Source "ChessBase"]
[SourceDate "2021.10.06"]
[SourceVersion "1"]
[SourceVersionDate "2021.10.06"]
[SourceQuality "1"]
[WhiteTeam "Vysoke Myto"]
[BlackTeam "Brno Lokomotiva"]
[WhiteTeamCountry "CZE"]
[BlackTeamCountry "CZE"]

1. d4 Nf6 2. Bg5 Ne4 3. Bc1 d5 4. f3 Nf6 5. Nc3 c5 6. e4 cxd4 7. Qxd4 Nc6 8. Bb5 e6 9. exd5 exd5 10. Bg5 Be7 11. 0-0-0 0-0 12. Qd2 Qa5 13. Nge2 d4 14. Nxd4 Nxd4 15. Qxd4 a6 16. Qe3 Be6 17. Bxf6 Bxf6 18. Bd3 Bxc3 19. bxc3 Qxa2 20. Kd2 Qd5 21. Qe4 Qg5+ 22. f4 Qh6 23. Rde1 Rad8 24. Re3 Bd5 25. Qf5 Bxg2 26. Rhe1 g6 27. Qg4 Bc6 28. h4 Bd7 29. Qf3 Qxh4 30. Qxb7 Bb5 31. Qf3 Qf6 32. Re5 Rd6 33. R1e3 Rb8 34. Qe4 Bxd3 35. Rxd3 Rxd3+ 36. cxd3 Kg7 37. d4 Rb2+ 38. Kd3 Rf2 39. Re8 Rxf4 40. Qe5 h5 41. d5 Qxe5 42. Rxe5 Rf5 0-1

[Event "CZE-chT2D 1819"]
[Site "Czech Republic"]
[Date "2018.12.16"]
[Round "5.1"]
[White "Skliba, Martin"]
[Black "Cerveny, Petr"]
[Result "1/2-1/2"]
[WhiteElo "2309"]
[BlackElo "2327"]
[PlyCount "69"]
[EventDate "2018.10.14"]
[EventType "team-tourn"]
[EventRounds "11"]
[EventCountry "CZE"]
[SourceTitle "EXT 2022"]
[Source "ChessBase"]
[SourceDate "2021.10.06"]
[SourceVersion "1"]
[SourceVersionDate "2021.10.06"]
[SourceQuality "1"]
[WhiteTeam "Brno Lokomotiva"]
[BlackTeam "Policka Stefanydes"]
[WhiteTeamCountry "CZE"]
[BlackTeamCountry "CZE"]

1. d4 Nf6 2. c4 e6 3. Nc3 Bb4 4. e3 0-0 5. Nge2 c6 6. a3 Ba5 7. b4 Bc7 8. e4 d5 9. e5 Nfd7 10. Nf4 a5 11. Rb1 axb4 12. axb4 c5 13. bxc5 Ba5 14. Bd2 Nc6 15. Nb5 dxc4 16. Bxc4 Nxd4 17. Nxd4 Nxe5 18. Nb3 Nxc4 19. Bxa5 Qg5 20. Bc3 Qxf4 21. Qd4 Qxd4 22. Nxd4 e5 23. Nb5 Bf5 24. Rb4 Bd3 25. h4 Na3 26. Nxa3 Rxa3 27. Kd2 Rd8 28. Bxe5 Ba6+ 29. Kc2 Re8 30. Rd1 f6 31. Bb2 Ra5 32. Bd4 Re2+ 33. Rd2 Ra2+ 34. Bb2 Rxd2+ 35. Kxd2 1/2-1/2

[Event "CZE-chT2D 1819"]
[Site "Czech Republic"]
[Date "2018.12.02"]
[Round "4.1"]
[White "Pacher, Milan"]
[Black "Skliba, Martin"]
[Result "1-0"]
[WhiteElo "2457"]
[BlackElo "2309"]
[PlyCount "43"]
[EventDate "2018.10.14"]
[EventType "team-tourn"]
[EventRounds "11"]
[EventCountry "CZE"]
[SourceTitle "EXT 2022"]
[Source "ChessBase"]
[SourceDate "2021.10.06"]
[SourceVersion "1"]
[SourceVersionDate "2021.10.06"]
[SourceQuality "1"]
[WhiteTeam "Orechov"]
[BlackTeam "Brno Lokomotiva"]
[WhiteTeamCountry "CZE"]
[BlackTeamCountry "CZE"]

1. e4 c5 2. Nf3 e6 3. d4 cxd4 4. Nxd4 a6 5. c4 Qc7 6. Nc3 b6 7. Bd3 Bb7 8. 0-0 Nf6 9. Be3 Bb4 10. Nd5 exd5 11. exd5 h5 12. Bg5 Ng4 13. g3 Bc5 14. Nf5 g6 15. Qe2+ Qe5 16. Qd2 0-0 17. Rae1 Qh8 18. b4 gxf5 19. bxc5 Ne5 20. Rxe5 Qxe5 21. Re1 Qd4 22. Bh6 1-0

[Event "CZE-chT1E 1516"]
[Site "Czech Republic"]
[Date "2016.02.14"]
[Round "8.6"]
[White "Skliba, Martin"]
[Black "Mrva, Marek"]
[Result "0-1"]
[WhiteElo "2228"]
[BlackElo "2205"]
[PlyCount "82"]
[EventDate "2015.10.11"]
[EventType "team-tourn"]
[EventRounds "11"]
[EventCountry "CZE"]
[SourceTitle "CBM 170 Extra"]
[Source "ChessBase"]
[SourceDate "2016.02.25"]
[SourceVersion "1"]
[SourceVersionDate "2016.02.25"]
[SourceQuality "1"]
[WhiteTeam "Brno Lokomotiva"]
[BlackTeam "Ostrava"]
[WhiteTeamCountry "CZE"]
[BlackTeamCountry "CZE"]

1. d4 Nf6 2. c4 c5 3. d5 e6 4. Nc3 exd5 5. cxd5 d6 6. e4 g6 7. h3 Bg7 8. Bd3 Nbd7 9. Nf3 a6 10. a4 Nh5 11. Bg5 Qa5 12. Qd2 Ne5 13. Be2 h6 14. Be3 Bd7 15. Nxe5 Bxe5 16. Bxh5 gxh5 17. f4 Bg7 18. 0-0 0-0-0 19. e5 Qb4 20. Qc2 Kb8 21. a5 Rhg8 22. Kh1 dxe5 23. f5 Bb5 24. Rfd1 e4 25. Nxe4 Bd4 26. Bxd4 cxd4 27. Qd2 Qxd2 28. Rxd2 d3 29. Nc3 Bc4 30. Ra4 Bxd5 31. Kg1 Bc6 32. Rf4 Rg3 33. Ne4 Re3 34. Nf2 Re1+ 35. Kh2 Re2 36. Rd1 d2 37. g4 h4 38. Kg1 Rde8 39. Rd4 Re1+ 40. Kh2 Rxd1 41. Nxd1 Re2+ 0-1

[Event "CZE-chT1E 1516"]
[Site "Czech Republic"]
[Date "2015.12.13"]
[Round "5.3"]
[White "Skliba, Martin"]
[Black "Houska, Bronislav"]
[Result "1-0"]
[WhiteElo "2228"]
[BlackElo "2069"]
[PlyCount "71"]
[EventDate "2015.10.11"]
[EventType "team-tourn"]
[EventRounds "11"]
[EventCountry "CZE"]
[SourceTitle "EXT 2017"]
[Source "ChessBase"]
[SourceDate "2016.10.25"]
[SourceVersion "1"]
[SourceVersionDate "2016.10.25"]
[SourceQuality "1"]
[WhiteTeam "Brno Lokomotiva"]
[BlackTeam "Policka"]
[WhiteTeamCountry "CZE"]
[BlackTeamCountry "CZE"]

1. d4 d6 2. Nf3 g6 3. c4 Bg7 4. Nc3 f5 5. g3 Nf6 6. Bg2 0-0 7. 0-0 c6 8. b3 Na6 9. Bb2 Qe8 10. d5 Bd7 11. Nd4 Nc7 12. Rc1 c5 13. Nf3 h6 14. a4 g5 15. e3 Qh5 16. Ne1 Qg6 17. Nd3 f4 18. exf4 Bf5 19. Ne1 gxf4 20. Ne2 Nh5 21. Bxg7 Kxg7 22. Nf3 Bd7 23. Qd2 Kh8 24. Qc3+ Qf6 25. Nh4 Qxc3 26. Rxc3 Kg7 27. Bf3 Be8 28. Bxh5 Bxh5 29. Nxf4 Rxf4 30. gxf4 Kf6 31. Re1 Bg4 32. Rg3 Bh5 33. f5 Re8 34. Ng6 Kxf5 35. Nxe7+ Kf6 36. Ng8+ 1-0

[Event "CZE-chT1E 1516"]
[Site "Czech Republic"]
[Date "2015.10.25"]
[Round "2.4"]
[White "Skliba, Martin"]
[Black "Mudrak, Josef"]
[Result "1/2-1/2"]
[WhiteElo "2228"]
[BlackElo "2290"]
[PlyCount "236"]
[EventDate "2015.10.11"]
[EventType "team-tourn"]
[EventRounds "11"]
[EventCountry "CZE"]
[SourceTitle "CBM 169 Extra"]
[Source "ChessBase"]
[SourceDate "2015.12.18"]
[SourceVersion "1"]
[SourceVersionDate "2015.12.18"]
[SourceQuality "1"]
[WhiteTeam "Brno Lokomotiva"]
[BlackTeam "Kromeriz"]
[WhiteTeamCountry "CZE"]
[BlackTeamCountry "CZE"]

1. d4 Nf6 2. c4 d6 3. Nf3 Nbd7 4. Nc3 e5 5. e4 Be7 6. Be2 0-0 7. 0-0 exd4 8. Nxd4 Re8 9. Re1 Bf8 10. Bf1 h6 11. b3 Nc5 12. Qc2 c6 13. Bb2 a5 14. a3 Qb6 15. Rab1 Bg4 16. Ba1 Bh5 17. Nf5 Bg6 18. Na4 Nxa4 19. Bxf6 Nc5 20. Bd4 Bxf5 21. b4 Bg6 22. bxc5 Qc7 23. f3 dxc5 24. Ba1 Rab8 25. Qc3 f6 26. Qb3 Bd6 27. g3 h5 28. Qb6 Qxb6 29. Rxb6 Bc7 30. Rbb1 b6 31. a4 Rbd8 32. Rbd1 Kf8 33. Kf2 h4 34. Be2 Ke7 35. Rxd8 hxg3+ 36. hxg3 Kxd8 37. Bc3 Rh8 38. Kg2 Be5 39. Bxe5 fxe5 40. Rd1+ Kc7 41. Kf2 Rh2+ 42. Ke3 Bf7 43. Re1 Rg2 44. g4 Rh2 45. Rc1 g5 46. Rb1 Rh6 47. Rd1 Be8 48. Rc1 Bd7 49. Ra1 Rh3 50. Kf2 Rh7 51. Ke3 Be8 52. Rc1 Bd7 53. Rb1 Rh6 54. Rc1 Rd6 55. Rh1 b5 56. cxb5 cxb5 57. axb5 a4 58. Rh8 Rd4 59. Ra8 Bc8 60. b6+ Kb7 61. Ra5 Kxb6 62. Rb5+ Kc6 63. Ra5 Bd7 64. Ra6+ Kb7 65. Ra5 Bc6 66. Rxc5 a3 67. Rc2 Kb6 68. Bc4 Ba4 69. Rc3 Ka5 70. Be6 Kb4 71. Rc7 Rd6 72. Bg8 Bb5 73. Rb7 Rd7 74. Rb8 Rd3+ 75. Kf2 a2 76. Bxa2 Rd2+ 77. Kg3 Rxa2 78. Rg8 Kc5 79. Rxg5 Kd4 80. f4 exf4+ 81. Kxf4 Bc6 82. e5 Rf2+ 83. Kg3 Rg2+ 84. Kh4 Bd5 85. Rg7 Kxe5 86. Kg5 Be6 87. Kh6 Bxg4 88. Rg5+ Kf4 89. Rg6 Rh2+ 90. Kg7 Bf5 91. Rg1 Rh7+ 92. Kf6 Rh6+ 93. Ke7 Ke5 94. Rg7 Rb6 95. Kd8 Rc6 96. Re7+ Be6 97. Rc7 Ra6 98. Ke7 Bd5 99. Kd8 Rh6 100. Re7+ Be6 101. Kc7 Rh1 102. Rg7 Rc1+ 103. Kb6 Kd6 104. Rg6 Rb1+ 105. Ka6 Kd5 106. Ka7 Rb2 107. Ka6 Bc8+ 108. Ka5 Bb7 109. Rb6 Ra2+ 110. Kb4 Bc6 111. Kc3 Kc5 112. Rb2 Ra8 113. Rf2 Bd5 114. Kd3 Ra3+ 115. Kd2 Kd4 116. Ke1 Bf3 117. Rd2+ Ke3 118. Re2+ Bxe2 1/2-1/2

[Event "Vsetin op 40th"]
[Site "Vsetin"]
[Date "2015.07.08"]
[Round "6"]
[White "Skliba, Martin"]
[Black "Rabatin, Jakub"]
[Result "1/2-1/2"]
[WhiteElo "2233"]
[BlackElo "2317"]
[PlyCount "66"]
[EventDate "2015.07.04"]
[EventType "swiss"]
[EventRounds "9"]
[EventCountry "CZE"]
[SourceTitle "CBM 167 Extra"]
[Source "ChessBase"]
[SourceDate "2015.09.14"]
[SourceVersion "1"]
[SourceVersionDate "2015.09.14"]
[SourceQuality "1"]

1. d4 Nf6 2. c4 g6 3. Nc3 Bg7 4. e4 d6 5. Nf3 0-0 6. h3 e5 7. d5 a5 8. Bg5 Na6 9. Be2 c6 10. Nd2 Bd7 11. 0-0 Nc5 12. b3 h6 13. Be3 Qb8 14. a3 cxd5 15. exd5 Qe8 16. b4 Na4 17. Nxa4 Bxa4 18. Qb1 Qe7 19. bxa5 Rxa5 20. Qb4 Raa8 21. Rab1 Rfb8 22. Bb6 Bf8 23. Rfe1 Nd7 24. Bd3 Nxb6 25. Qxb6 Be8 26. Rb3 f5 27. c5 dxc5 28. Bc4 Kh8 29. Rbe3 Bg7 30. d6 Qd8 31. Qxc5 Ra5 32. Qb4 Ra4 33. Qc5 Ra5 1/2-1/2

[Event "Vsetin op 40th"]
[Site "Vsetin"]
[Date "2015.07.07"]
[Round "5"]
[White "Petras, Milan"]
[Black "Skliba, Martin"]
[Result "0-1"]
[WhiteElo "2027"]
[BlackElo "2233"]
[PlyCount "84"]
[EventDate "2015.07.04"]
[EventType "swiss"]
[EventRounds "9"]
[EventCountry "CZE"]
[SourceTitle "CBM 167 Extra"]
[Source "ChessBase"]
[SourceDate "2015.09.14"]
[SourceVersion "1"]
[SourceVersionDate "2015.09.14"]
[SourceQuality "1"]

1. e4 c5 2. c3 Nf6 3. e5 Nd5 4. d4 cxd4 5. cxd4 d6 6. Nf3 Nc6 7. Nc3 dxe5 8. Nxe5 Nxc3 9. bxc3 Qa5 10. Nf3 Bg4 11. Bd2 e6 12. Be2 Be7 13. 0-0 0-0 14. h3 Bf5 15. Qb3 Qc7 16. Rac1 Rfd8 17. Be3 b6 18. Nd2 Rac8 19. Ba6 Rb8 20. a4 Na5 21. Qa2 Qd6 22. Rfe1 h6 23. Nc4 Qd5 24. Qe2 Nxc4 25. Bxc4 Qa5 26. Bb5 a6 27. Bxa6 Qxa4 28. Bb5 Qa3 29. Qd2 Rbc8 30. Bf4 Qa5 31. Be2 Ba3 32. Ra1 Qxc3 33. Qxc3 Rxc3 34. Bd2 Rc2 35. Rxa3 Rxd2 36. Rb3 R8xd4 37. Rxb6 Re4 38. Kf1 Rexe2 39. Rxe2 Rd1+ 40. Re1 Bd3+ 41. Kg1 Rxe1+ 42. Kh2 g5 0-1

[Event "Vsetin op 40th"]
[Site "Vsetin"]
[Date "2015.07.05"]
[Round "2"]
[White "Skliba, Martin"]
[Black "Polak, Tomas"]
[Result "0-1"]
[WhiteElo "2233"]
[BlackElo "2523"]
[PlyCount "78"]
[EventDate "2015.07.04"]
[EventType "swiss"]
[EventRounds "9"]
[EventCountry "CZE"]
[SourceTitle "CBM 167 Extra"]
[Source "ChessBase"]
[SourceDate "2015.09.14"]
[SourceVersion "1"]
[SourceVersionDate "2015.09.14"]
[SourceQuality "1"]

1. d4 e6 2. c4 b6 3. Nc3 Bb7 4. a3 f5 5. d5 Nf6 6. Nf3 Bd6 7. g3 0-0 8. Bg2 Na6 9. b4 c6 10. dxc6 dxc6 11. Bb2 c5 12. b5 Nc7 13. Qc2 Qe7 14. 0-0 Rad8 15. a4 a5 16. bxa6 Nxa6 17. Nb5 Nb4 18. Qb3 Bb8 19. Bc3 Nc6 20. Rfb1 Ne4 21. Be1 g5 22. Nc3 g4 23. Qxb6 gxf3 24. Qxb7 Qxb7 25. Rxb7 fxg2 26. Nxe4 fxe4 27. Kxg2 Rf7 28. Rab1 Be5 29. R7b5 Bd6 30. Bc3 Nd4 31. Bxd4 cxd4 32. c5 Bc7 33. a5 Ra8 34. Ra1 Ra6 35. f4 Rd7 36. Kf2 Rd5 37. Rb7 Rxc5 38. Rb4 Raxa5 39. Rd1 e5 0-1

[Event "CZE-chT1E 1415"]
[Site "Czech Republic"]
[Date "2015.03.22"]
[Round "10.2"]
[White "Kanovsky, David"]
[Black "Skliba, Martin"]
[Result "1-0"]
[WhiteElo "2419"]
[BlackElo "2263"]
[PlyCount "61"]
[EventDate "2014.10.19"]
[EventType "team-tourn"]
[EventRounds "11"]
[EventCountry "CZE"]
[SourceTitle "EXT 2016"]
[Source "ChessBase"]
[SourceDate "2015.10.08"]
[SourceVersion "1"]
[SourceVersionDate "2015.10.08"]
[SourceQuality "1"]
[WhiteTeam "Grygov"]
[BlackTeam "Brno Lokomotiva"]
[WhiteTeamCountry "CZE"]
[BlackTeamCountry "CZE"]

1. e4 c5 2. Nf3 e6 3. d4 cxd4 4. Nxd4 a6 5. Bd3 Bc5 6. Nb3 Be7 7. 0-0 d6 8. f4 Nf6 9. Nc3 Nc6 10. Qe2 Qc7 11. Bd2 b5 12. a3 Bb7 13. Rae1 0-0 14. Kh1 Rac8 15. e5 Nd7 16. exd6 Bxd6 17. Ne4 Be7 18. Bc3 g6 19. Rf3 b4 20. axb4 Nxb4 21. Rh3 Bxe4 22. Bxe4 Nf6 23. f5 Qc4 24. Qf3 Nbd5 25. Nd2 Qc5 26. Bxd5 Qxd5 27. fxg6 fxg6 28. Qe2 Rc6 29. Nf3 Nh5 30. Ne5 Rb6 31. Qxh5 1-0

[Event "CZE-chT1E 1415"]
[Site "Czech Republic"]
[Date "2015.02.01"]
[Round "7.5"]
[White "Bujnoch, Radek"]
[Black "Skliba, Martin"]
[Result "1/2-1/2"]
[WhiteElo "2282"]
[BlackElo "2263"]
[PlyCount "109"]
[EventDate "2014.10.19"]
[EventType "team-tourn"]
[EventRounds "11"]
[EventCountry "CZE"]
[SourceTitle "EXT 2016"]
[Source "ChessBase"]
[SourceDate "2015.10.08"]
[SourceVersion "1"]
[SourceVersionDate "2015.10.08"]
[SourceQuality "1"]
[WhiteTeam "Chrudim"]
[BlackTeam "Brno Lokomotiva"]
[WhiteTeamCountry "CZE"]
[BlackTeamCountry "CZE"]

1. e4 c5 2. c3 Nf6 3. e5 Nd5 4. Bc4 e6 5. d4 cxd4 6. Bxd5 exd5 7. Qxd4 Qa5 8. b4 Qb5 9. a4 Qc6 10. Nf3 b6 11. b5 Qc4 12. Qxc4 dxc4 13. Nbd2 d5 14. exd6 Be6 15. Ba3 Nd7 16. 0-0-0 a6 17. Kb2 axb5 18. axb5 Nc5 19. Bxc5 bxc5 20. Rhe1 Bxd6 21. Nxc4 Be7 22. Nfe5 0-0 23. b6 Bf6 24. b7 Rab8 25. Na5 Bxe5 26. Rxe5 Rfc8 27. Kc2 Rc7 28. Rd6 g6 29. Rb6 Kg7 30. Rb5 c4 31. Rec5 Re7 32. Nc6 Rbxb7 33. Nxe7 Rxe7 34. Re5 Rd7 35. Kc1 Kf6 36. Re3 Ra7 37. Rf3+ Kg7 38. Rf4 Ra2 39. Rb2 Ra3 40. Kd2 h5 41. h4 Ra5 42. g3 Ra7 43. Rb5 Ra2+ 44. Kc1 Ra1+ 45. Rb1 Ra3 46. Rf3 Ra5 47. Rb2 Ra7 48. Rf4 Ra5 49. Rd4 Ra7 50. f3 Ra1+ 51. Kd2 Rg1 52. Ke3 Rc1 53. g4 Rxc3+ 54. Ke2 hxg4 55. fxg4 1/2-1/2

[Event "CZE-chT1E 1415"]
[Site "Czech Republic"]
[Date "2014.11.09"]
[Round "2.4"]
[White "Skliba, Martin"]
[Black "Worek, Joanna"]
[Result "1-0"]
[WhiteElo "2263"]
[BlackElo "2275"]
[PlyCount "83"]
[EventDate "2014.10.19"]
[EventType "team-tourn"]
[EventRounds "11"]
[EventCountry "CZE"]
[SourceTitle "EXT 2015"]
[Source "ChessBase"]
[SourceDate "2014.11.20"]
[SourceVersion "1"]
[SourceVersionDate "2014.11.20"]
[SourceQuality "1"]
[WhiteTeam "Brno Lokomotiva"]
[BlackTeam "Stare Mesto"]
[WhiteTeamCountry "CZE"]
[BlackTeamCountry "CZE"]

1. d4 Nf6 2. c4 e6 3. Nc3 c5 4. d5 exd5 5. cxd5 d6 6. e4 g6 7. h3 Bg7 8. Bd3 0-0 9. Nf3 b5 10. a3 a6 11. 0-0 Nbd7 12. Bf4 Qe7 13. Re1 Ne8 14. Qd2 Ne5 15. Nxe5 Bxe5 16. Rad1 Rb8 17. Bh6 Ng7 18. f4 Bd4+ 19. Kh2 b4 20. Ne2 Bf2 21. Rf1 Bh4 22. Ng1 Bf6 23. Rfe1 bxa3 24. bxa3 Rb3 25. Nf3 Bc3 26. Qc2 Rxa3 27. Re2 Qc7 28. Bc4 Bb4 29. Qb2 f6 30. e5 fxe5 31. fxe5 Rfxf3 32. gxf3 Nf5 33. Bf4 Rxf3 34. exd6 Qd7 35. Qe5 Ng7 36. Qe6+ Nxe6 37. dxe6 Qb7 38. d7 Rxh3+ 39. Kxh3 Qf3+ 40. Bg3 Qh5+ 41. Bh4 Qf3+ 42. Kh2 1-0

[Event "CZE-chT1E 1415"]
[Site "Czech Republic"]
[Date "2014.10.19"]
[Round "1.4"]
[White "Blahynka, Martin"]
[Black "Skliba, Martin"]
[Result "1-0"]
[WhiteElo "2237"]
[BlackElo "2263"]
[PlyCount "81"]
[EventDate "2014.10.19"]
[EventType "team-tourn"]
[EventRounds "11"]
[EventCountry "CZE"]
[SourceTitle "EXT 2015"]
[Source "ChessBase"]
[SourceDate "2014.11.20"]
[SourceVersion "1"]
[SourceVersionDate "2014.11.20"]
[SourceQuality "1"]
[WhiteTeam "Brno Duras"]
[BlackTeam "Brno Lokomotiva"]
[WhiteTeamCountry "CZE"]
[BlackTeamCountry "CZE"]

1. d4 Nf6 2. c4 e6 3. Nc3 Bb4 4. Qc2 c5 5. dxc5 Na6 6. a3 Bxc3+ 7. Qxc3 Nxc5 8. b4 Nce4 9. Qd4 d5 10. c5 b6 11. f3 bxc5 12. bxc5 Qa5+ 13. Qb4 Qxb4+ 14. axb4 Nc3 15. e3 Bd7 16. Bd2 Nb5 17. Ne2 Ke7 18. Nd4 a6 19. Kf2 e5 20. Nb3 Rhb8 21. Bd3 Nc7 22. Bc3 d4 23. exd4 Nfd5 24. Bd2 Nxb4 25. Be4 Bc6 26. Na5 Bxe4 27. fxe4 Kf8 28. Rab1 Nc2 29. d5 f5 30. d6 Nb5 31. Rhc1 Ncd4 32. c6 Nxd6 33. Bb4 Rxb4 34. Rxb4 Nxe4+ 35. Ke1 Ke7 36. Rb7+ Kd6 37. Rxg7 Nc5 38. Nb7+ Nxb7 39. Rd7+ Ke6 40. cxb7 Rb8 41. Rxh7 1-0

[Event "CZE-chT1E 1314"]
[Site "Czech Republic"]
[Date "2013.12.08"]
[Round "4.5"]
[White "Bujnoch, Radek"]
[Black "Skliba, Martin"]
[Result "1-0"]
[WhiteElo "2240"]
[BlackElo "2290"]
[PlyCount "79"]
[EventDate "2013.10.20"]
[EventType "team-tourn"]
[EventRounds "11"]
[EventCountry "CZE"]
[SourceTitle "EXT 2015"]
[Source "ChessBase"]
[SourceDate "2014.11.20"]
[SourceVersion "1"]
[SourceVersionDate "2014.11.20"]
[SourceQuality "1"]
[WhiteTeam "Chrudim"]
[BlackTeam "Brno Lokomotiva"]
[WhiteTeamCountry "CZE"]
[BlackTeamCountry "CZE"]

1. e4 c5 2. c3 Nf6 3. e5 Nd5 4. Bc4 Nb6 5. Bb3 c4 6. Bc2 Nc6 7. Nf3 Qc7 8. Qe2 g5 9. e6 dxe6 10. Nxg5 Qe5 11. d4 cxd3 12. Bxd3 Qxe2+ 13. Bxe2 Bg7 14. Ne4 0-0 15. 0-0 e5 16. Ng3 f5 17. Nh5 Bh8 18. Nd2 h6 19. Nc4 Nxc4 20. Bxc4+ Kh7 21. f4 Na5 22. Be2 e4 23. g4 e6 24. Be3 Bd7 25. Rad1 Be8 26. Ng3 Nc6 27. Rd6 Bf7 28. gxf5 Rad8 29. Rfd1 Rxd6 30. Rxd6 exf5 31. Nxf5 Bxa2 32. Rxh6+ Kg8 33. Nd6 Bd5 34. Rh5 Bf7 35. Rg5+ Kh7 36. Nxe4 Rd8 37. Rg3 Bg6 38. f5 Bxf5 39. Ng5+ Kg6 40. Ne6+ 1-0